| 000 | 00467nam a2200169Ia 4500 | ||
|---|---|---|---|
| 008 | 230917s9999||||xx |||||||||||||| ||und|| | ||
| 020 | _cGBP95 | ||
| 040 |
_e237241 _aMAIN |
||
| 041 | _aEnglish | ||
| 082 | _a327.51054 B168C | ||
| 100 | _aBajpai, Kanti, ed. | ||
| 245 | 0 | _aChina-India relations: Cooperation and conflict | |
| 260 |
_aLondon _bRoutledge _c2016 |
||
| 300 | _axiii, 227 p. | ||
| 500 | _a2572 18/01/2017 RK17/3468 19/01/2017 Main Budget | ||
| 942 | _cBK | ||
| 999 |
_c20991 _d20991 |
||